000 00547 a2200169 4500
999 _c41151
_d41151
003 OSt
005 20210701124929.0
008 210701b ||||| |||| 00| 0 eng d
020 _a 9788120338087
040 _coclc
082 _a620.115
_bCHA/I
100 _aChattopadhyay, K K
_94720
245 _aIntroduction to Nanoscience and Nanotechnology /
_cK KChattopadhyay, A N Banerjee
260 _bDelhi:
_aPHI Learning and Prtivate Ltd,
_c2019.
300 _a268 pages
942 _2ddc
_cBK
_h620.115
_iCHA/I
_k620.115
_mCHA/I